| 000 | 00773nam a2200265 i 4500 | ||
|---|---|---|---|
| 001 | bgj | ||
| 100 | 1 | _aMANTLE, Jonathan | |
| 245 | 0 |
_aBenetton. _cJonathan Mantle ; retold by Susan Fearn ; consultant editor David Evans. |
|
| 260 |
_aHarlow : _bPearson Education Limited, _c2000. |
||
| 300 |
_aV, 89, [1] pp ; _c20 cm. |
||
| 490 | 1 | _aPenguin Readers | |
| 650 | 9 | _aBusiness | |
| 700 | 1 | _aFEARN, Susan | |
| 700 | 1 |
_aHOLMES, Karen. _eeditor |
|
| 700 | 1 |
_aEVANS, David. _econsultant editor |
|
| 700 | 1 |
_aHOPKINS, Andy. _eseries editor |
|
| 700 | 1 |
_aPOTTER, Jocelyn. _eseries editor |
|
| 830 | _aPenguin Readers | ||
| 020 | _a058234297X | ||
| 040 | _cBPK | ||
| 041 | 0 | _aeng | |
| 920 | _a0-582-34297-X | ||
| 942 | _cKS | ||
| 008 | s uk f |000 0 eng | ||
| 999 |
_c48312 _d48312 |
||
| 856 |
_uhttp://koha.tu.koszalin.pl/cgi-bin/koha/opac-detail.pl?biblionumber=48312 _yKatalog online BPK |
||